El mapa de los días / (Registro nro. 65253)
[ vista simple ]
| 000 -LEADER | |
|---|---|
| fixed length control field | 01453cam a2200337 i 4500 |
| 001 - CONTROL NUMBER | |
| control field | 65253 |
| 003 - CONTROL NUMBER IDENTIFIER | |
| control field | Mx-PuUPA |
| 005 - DATE AND TIME OF LATEST TRANSACTION | |
| control field | 20240410104235.0 |
| 008 - FIXED-LENGTH DATA ELEMENTS--GENERAL INFORMATION | |
| fixed length control field | 080609s2019 mx a gr 000 f spa d |
| 020 ## - INTERNATIONAL STANDARD BOOK NUMBER | |
| International Standard Book Number | 9786073177535 |
| 040 ## - CATALOGING SOURCE | |
| Original cataloging agency | Mx-PuUPA |
| Modifying agency | Mx-PuUPA |
| Transcribing agency | Mx-PuUPA |
| Description conventions | rda |
| Language of cataloging | spa |
| 041 1# - LANGUAGE CODE | |
| Language code of text/sound track or separate title | spa |
| Language code of original | eng |
| 100 1# - MAIN ENTRY--PERSONAL NAME | |
| Personal name | Riggs, Ransom, |
| 9 (RLIN) | 11062 |
| Relator term | autor |
| Dates associated with a name | 1979- |
| 240 12 - UNIFORM TITLE | |
| Uniform title | A maps of days, the fourth novel of Miss peregrine's peculiar children. |
| Language of a work | Español |
| 245 13 - TITLE STATEMENT | |
| Title | El mapa de los días / |
| Statement of responsibility, etc. | Ransom Riggs ; traducción de Victoria Simó |
| 246 14 - VARYING FORM OF TITLE | |
| Title proper/short title | El mapa de los días : |
| Remainder of title | la cuarta novela de : el hogar de Miss Peregrine para niños peculiares |
| 246 10 - VARYING FORM OF TITLE | |
| Display text | Tambien conocido como: |
| Title proper/short title | El hogar de Miss Peregrine para niños peculiares. |
| Number of part/section of a work | 4. |
| Name of part/section of a work | El mapa de los días. |
| 250 ## - EDITION STATEMENT | |
| Edition statement | Primera edición |
| 264 #1 - PRODUCTION, PUBLICATION, DISTRIBUTION, MANUFACTURE, AND COPYRIGHT NOTICE | |
| Place of production, publication, distribution, manufacture | Ciudad de México : |
| Name of producer, publisher, distributor, manufacturer | Alfaguara, |
| Date of production, publication, distribution, manufacture, or copyright notice | 2019 |
| 300 ## - PHYSICAL DESCRIPTION | |
| Extent | 502 páginas : |
| Other physical details | ilustraciones ; |
| Dimensions | 22 cm |
| 336 ## - CONTENT TYPE | |
| Fuente | rdacontent |
| Content type term | texto |
| Content type code | txt |
| 337 ## - MEDIA TYPE | |
| Source | rdamedia |
| Media type term | sin medio |
| Media type code | n |
| 338 ## - CARRIER TYPE | |
| Source | rdacarrier |
| Carrier type term | volumen |
| Carrier type code | nc |
| 490 0# - SERIES STATEMENT | |
| Series statement | El hogar de Miss Peregrine para niños peculiares ; |
| Volume/sequential designation | [4] |
| 700 1# - ADDED ENTRY--PERSONAL NAME | |
| Personal name | Simó, Victoria, |
| Relator term | traductor |
| 765 08 - ORIGINAL LANGUAGE ENTRY | |
| Main entry heading | Riggs, Ransom, 1979- |
| Title | A maps of days, the fourth novel of Miss peregrine's peculiar children. |
| 942 ## - ADDED ENTRY ELEMENTS (KOHA) | |
| Source of classification or shelving scheme | Dewey Decimal Classification |
| Classification part | 808.0683872 |
| Item part | R565 |
| Koha item type | Libro |
| Withdrawn status | Lost status | Source of classification or shelving scheme | Damaged status | Not for loan | Collection code | Home library | Current library | Shelving location | Date acquired | Serial Enumeration / chronology | Total Checkouts | Total Renewals | Full call number | Barcode | Date last seen | Date last checked out | Price effective from | Koha item type | Copy number |
|---|---|---|---|---|---|---|---|---|---|---|---|---|---|---|---|---|---|---|---|
| Dewey Decimal Classification | General | Biblioteca Karol Wojtyla | Biblioteca Karol Wojtyla | Sala general | 04/08/2021 | v.4 | 1 | 1 | 808.0683872 R565 2019 | 101510 | 05/01/2026 | 03/03/2022 | 04/08/2021 | Libro | |||||
| Dewey Decimal Classification | General | Biblioteca Karol Wojtyla | Biblioteca Karol Wojtyla | Sala general | 04/08/2021 | v.4 | 2 | 808.0683872 R565 2019 | 101511 | 05/01/2026 | 07/06/2022 | 04/08/2021 | Libro | Ej.2 |